00392 2200169 4500001002100000005001500021008004100036035002500077041000800102082000800110090000800118100001900126245002800145250001600173300002300189650001000212INLIS00000000000023320130515111825 ind  a0010-051300000000233 aind aFik aFik aSbastian, Tito aHancurnya Istanah Darah aCetakan : 1 a131 hlm. ;17.5 cm. aFiksi